El consejo diocesano de gobierno

Guardat en:
Dades bibliogràfiques
Autor principal: Delgado, Gregorio (Autor)
Format: Llibre
Idioma:espanyol
Publicat: Pamplona Universidad de Navarra 1974
Col·lecció:Canónica
Matèries:
Etiquetes: Afegir etiqueta
Sense etiquetes, Sigues el primer a etiquetar aquest registre!

MARC

LEADER 00000nam a2200000 a 4500
001 UCX2131
003 CL-VaPUC
008 910322e19740000SP |||||||||||||||||spa|d
082 0 4 |a 262.9  |b DEL  |2 21 
100 0 |a Delgado, Gregorio  |e author  |9 317945 
245 1 3 |a El consejo diocesano de gobierno 
300 |a 154 p 
942 |c BK 
945 |d 19910322 00:00:00 
260 |a Pamplona  |b Universidad de Navarra  |c 1974 
650 0 |a Gobierno eclesiástico  |9 258471 
650 7 |a DERECHO CANONICO  |2 CL-VaPUC  |9 317946 
583 |a last modification  |c 19910322 00:00:00  |k Rodrigo Vera 
490 0 |a Canónica 
999 |c 223215  |d 223213 
952 |0 0  |1 0  |4 0  |6 262_900000000000000_DEL_1974  |7 0  |8 A  |9 218791  |a BIBTEO  |b BIBTEO  |d 2019-11-15  |i 287606K  |o 262.9 DEL 1974  |p 287606K  |r 2025-01-17  |w 2019-11-15  |y BK  |k ICR 
952 |0 0  |1 0  |4 0  |6 262_900000000000000_DEL_1974  |7 0  |8 A  |9 218792  |a BIBDER  |b BIBDER  |d 2019-11-15  |i 1809180  |o 262.9 DEL 1974  |p 1809180  |r 2023-01-25  |w 2019-11-15  |y BK  |k DER